000 00885nam a2200241Ia 4500
003 GCL
008 140319s9999 xx 000 0 ara d
020 _a8191299953
040 _aGCL /
_cGCL
082 0 4 _a956.609
_bم ث
100 1 _aمجموعة من الكتاب
245 1 0 _a33 يوم حرب على لبنان /
_cمجموعة من الكتاب
700 1 _aاحمد ابو هدبة
250 _aالاولى
260 _aبيروت :
_bمركز الدراسات الفلسطينية ،
_c2007
300 _a367 ص ؛
_c24 سم
650 0 4 _aالنزاع العربى الاسرائيلى
650 0 4 _aلبنان - تاريخ - العصر الحديث
650 0 4 _aلبنان - الاحوال السياسية - الاعتداء الاسرائيلى
650 0 4 _aحزب الله
650 0 4 _aلبنان - العلاقات الخارجية
942 _2ddc
_cBK
999 _c9506
_d9506